Statistics for Elements of the Periodic table that starts with B

Click here to take the quiz!

General Stats

  • This quiz has been taken 35 times
  • The average score is 4 of 7

Answer Stats

Answer% Correct
Boron
96%
Beryllium
68%
Bismuth
68%
Barium
64%
Bromine
61%
Bohrium
39%
Berkelium
32%

Score Distribution

Percentile by Number Answered

Percent of People with Each Score

Your Score History

You have not taken this quiz